Fashion Branding Unraveled (Record no. 13709)

MARC details
000 -LEADER
fixed length control field 00412nam a22001697a 4500
003 - CONTROL NUMBER IDENTIFIER
control field OSt
008 - FIXED-LENGTH DATA ELEMENTS--GENERAL INFORMATION
fixed length control field 250818b |||||||| |||| 00| 0 eng d
020 ## - INTERNATIONAL STANDARD BOOK NUMBER
International Standard Book Number 9781563678745
082 ## - DEWEY DECIMAL CLASSIFICATION NUMBER
Classification number 746.92 HAF
100 ## - MAIN ENTRY--PERSONAL NAME
Personal name HAMEIDE, Kaled K.
245 ## - TITLE STATEMENT
Title Fashion Branding Unraveled
250 ## - EDITION STATEMENT
Edition statement 1st. ed.
260 ## - PUBLICATION, DISTRIBUTION, ETC. (IMPRINT)
Place of publication, distribution, etc New York,
Name of publisher, distributor, etc Bloomsbury Publishing,
Date of publication, distribution, etc 2011,
300 ## - PHYSICAL DESCRIPTION
Extent 290 p.
650 ## - SUBJECT ADDED ENTRY--TOPICAL TERM
Topical term or geographic name as entry element B. FAD.
942 ## - ADDED ENTRY ELEMENTS (KOHA)
Source of classification or shelving scheme Dewey Decimal Classification
Koha item type Reference Books
Holdings
Withdrawn status Lost status Source of classification or shelving scheme Damaged status Not for loan Collection code Home library Current library Date acquired Source of acquisition Currency Cost, normal purchase price Bill Number Total Checkouts Full call number Acc. no. / Barcode Date last seen Actual Cost, discounted price Bill Date Koha item type
    Dewey Decimal Classification     Bachelor of Fashion and Apparel Design PIET NCR College Library PIET NCR College Library 11/08/2025 Zafaa Books and Distributers In Rupees 4737.29 ZBD0211   746.92 HAF N4297 18/08/2025 3221.35 11/08/2025 Reference Books

Design & Developed by: PIET Central Library
R70 Miles Stone Pattikalyana Samalkha Panipat 132102
mail ID :- [email protected], Phone No:- 0180-2569700 Ex.216